000 00215nam a2200097Ia 4500
008 200302s9999 xx 000 0 und d
100 _aAuthor
245 _aThe Architecture Machine
260 _bPublisher
300 _a151p.,
999 _c75
_d75